| 000 | 01051nam a22002777a 4500 | ||
|---|---|---|---|
| 005 | 20140507105701.0 | ||
| 010 | _aENG-104079 B-461957-961 | ||
| 020 |
_a9780198075950 _c545.00 |
||
| 020 |
_a0198075952 _c545.00 |
||
| 035 | _aEN-87612 B-461957-961 | ||
| 035 | _aB-514044-049 | ||
| 037 | _bDBAD/PUB | ||
| 037 |
_bBSB/Ven _adpl |
||
| 037 | _bAllied Pub/Ven | ||
| 082 | _a363.2095456 | ||
| 100 | _aMishra, O.P. | ||
| 245 |
_aPolicing Delhi : _cby O.P. Mishra _burbanization, crime, and law enforcement / |
||
| 260 |
_aNew Delhi _bOxford University Press _c2011 |
||
| 270 |
_aYMCA Library Building, 1, Jai Singh Road _bNew Delhi _e110001 |
||
| 300 |
_axx,269p. : _c22cm (Hb) _bmaps |
||
| 500 | _aIncludes bibliographical references | ||
| 520 | _aContributed articles. | ||
| 942 |
_2ddc _cEN _mMIS _h363.2095456 |
||
| 999 |
_c58284 _d58284 |
||